Normal view
MARC view
Entry Personal Name
001 - CONTROL NUMBER
- control field: 1064821
003 - CONTROL NUMBER IDENTIFIER
- control field: OSt
005 - DATE AND TIME OF LATEST TRANSACTION
- control field: 20260121170519.0
008 - FIXED-LENGTH DATA ELEMENTS
- fixed length control field: 260121|| aca||aabn | a|a d
040 ## - CATALOGING SOURCE
- Original cataloging agency: OSt
- Transcribing agency: OSt
100 ## - HEADING--PERSONAL NAME
- Personal name: Arvin Farid, Hongxin Chen
670 ## - SOURCE DATA FOUND
- Source citation: Work cat.: (OSt)1630551: Arvin Farid, Hongxin Chen, Proceedings of GeoShanghai 2018 International Conference: Geoenvironment and Geohazard
